Apogeo y decadencia del positivismo en México / (Record no. 130770)

MARC details
000 -LEADER
campo de control de longitud fija 00983nam a2200229 i 4500
001 - NÚMERO DE CONTROL
campo de control 130770
003 - IDENTIFICADOR DE NÚMERO DE CONTROL
campo de control ES-MaACL
005 - FECHA Y HORA DE LA ÚLTIMA TRANSACCIÓN
campo de control 20250407180010.0
007 - CAMPO FIJO DE DESCRIPCIÓN FÍSICA--INFORMACIÓN GENERAL
campo de control de longitud fija t|
008 - DATOS DE LONGITUD FIJA--INFORMACIÓN GENERAL
campo de control de longitud fija 070807s1944 mx ||||1| spa d
100 1# - ENTRADA PRINCIPAL--NOMBRE DE PERSONA
Nombre de persona Zea, Leopoldo.
9 (RLIN) 118131
245 10 - MENCIÓN DEL TÍTULO
Título Apogeo y decadencia del positivismo en México /
Mención de responsabilidad, etc. Leopoldo Zea.
250 ## - MENCION DE EDICION
Mención de edición [1ª ed.].
260 ## - PUBLICACIÓN, DISTRIBUCIÓN, ETC.
Lugar de publicación, distribución, etc. México :
Nombre del editor, distribuidor, etc. El Colegio,
Fecha de publicación, distribución, etc. [1944]
300 ## - DESCRIPCIÓN FÍSICA
Extensión 303 p. ;
Dimensiones 24 cm.
500 ## - NOTA GENERAL
Nota general Esta obra es continuación de "El positivismo en México" del mismo autor.
650 14 - PUNTO DE ACCESO ADICIONAL DE MATERIA--TÉRMINO DE MATERIA
Término de materia o nombre geográfico como elemento de entrada Positivismo-
Subdivisión geográfica México.
9 (RLIN) 16326
852 ## - LOCALIZACIÓN
Ubicación ES-MaACL
Número de control de estantería D-6596
Sublocalización o colección R.30471
-- R.M.6186
itemnumber 135538
Ubicación en estantería Sala Valle Inclán
Marcas de propiedad Sello en tinta azul de la Biblioteca del Ateneo de Madrid
Anotaciones manuscritas Anotación manuscrita en cubierta: "6"
-- Anotación manuscrita en hoja de guarda: "35"
Nota libre Sello en cubierta: "1. DIC. 1951"
942 ## - ELEMENTOS DE ENTRADA SECUNDARIOS (KOHA)
Fuente del sistema de clasificación o colocación Clasificación decimal universal
Holdings
Estatus retirado Estado de pérdida Estado de daño No para préstamo Biblioteca de origen Biblioteca actual Ubicación en estantería Fecha de adquisición Fuente de adquisición Total de préstamos Signatura topográfica completa Código de barras Visto por última vez Precio de reemplazo Tipo de ítem Koha
        Biblioteca del Ateneo de Madrid Biblioteca del Ateneo de Madrid Sala Valle Inclán 17/01/2008     D-6596 901136152 23/02/2023 23/02/2023 Libro impreso